000 00369 a2200121 4500
001 ART_38420
005 20260410161739.0
008 260409a
245 1 0 _aActualización e intereses en materia de créditos laborales
100 1 _aFormaro, Juan J.
700 1 _aBarreiro, Diego A.
773 0 _tDoctrina laboral
_g- Nº 348 (ago. 2014)
_wREV4049
999 _c18600
_d18600